000 00574nam a2200229 a 4500
001 nice12345678
003 IN_TiNIC
005 20260116013344.0
008 070712s1997 dela grp 000 0 eng
020 _a
_c80
082 0 0 _a297.7
_bTHA1
100 _aThanwi, Ashraf Ali
245 _aIslamic Renaissance
_b Muslim Revival and Awakening
260 _aDelhi
_bAdam Publishers
_c1997
300 _a224p
500 _aincludes index and biblioraphy
650 _aDawah-Islam
700 1 _aThanwi, Ashraf Ali
902 _bSRS
942 _cBK
999 _c10684
_d10684